| LEADER | 00897nam a2200181 4500 | ||
|---|---|---|---|
| 082 | |a 332.64 |b KH506M | ||
| 100 | |a Khúc Minh Hoàng | ||
| 245 | |a Thị trường chứng khoán |b Tập bài giảng dùng cho sinh viên hệ cao đẳng ngành kế toán |c Khúc Minh Hoàng chủ biên, Nguyễn Minh Đức | ||
| 260 | |a H. |b Lao động xã hội |c 2003 | ||
| 300 | |a 87 tr. |c 21 cm | ||
| 520 | |a vv | ||
| 653 | |a Kinh tế | ||
| 653 | |a Thị trường chứng khoán | ||
| 856 | |u Bài giảng | ||
| 942 | |2 ddc |c STK0 | ||
| 999 | |c 631 |d 631 | ||
| 952 | |0 0 |1 0 |2 ddc |4 0 |6 332_640000000000000_KH506M |7 1 |8 300 |9 13979 |a qbu |b qbu |c D2 |d 2014-11-20 |g 16000 |o 332.64 KH506M |p 2127.C1 |r 0000-00-00 |w 2014-11-20 |y STK0 |0 0 |6 332_640000000000000_KH506M | ||
| 952 | |0 0 |1 0 |2 ddc |4 0 |6 332_640000000000000_KH506M |7 0 |8 300 |9 13980 |a qbu |b qbu |c D2 |d 2014-11-20 |g 16000 |o 332.64 KH506M |p 2127.C2 |r 0000-00-00 |w 2014-11-20 |y STK0 |0 0 |6 332_640000000000000_KH506M | ||